Hauptstädte mit A - Statistiken

Allgemein
  • Dieses Quiz wurde 235 mal gespielt
  • Das Durchschnittsergebnis liegt bei 9 aus 15
Antwortstatistiken
% Korrekt
4 Algier
78%
7 Amsterdam
77%
14 Athen
74%
9 Ankara
72%
8 Andorra la Vella
70%
5 Addis Abeba
68%
6 Amman
63%
10 Antananarivo
62%
2 Abuja
59%
13 Asunción
59%
15 Asgabat
58%
3 Accra
56%
12 Asmara
50%
1 Abu Dhabi
49%
11 Apia
42%
Keine übereinstimmenden Quizze gefunden
Verteilung der Resultate
Anzahl Personen mit jedem Resultat
Perzentil nach korrekt beantworteten Fragen
Ihre Resultats-Entwicklung
Sie haben dieses Quiz noch nicht gespielt